• 首页
  • 本馆介绍
  • 公告通知
  • 最新文献
  • 馆藏检索
  • 电子资源
  • 读者导购
  • 参考咨询
  • 我的图书馆
  • 登录
  • 详细信息显示
  • 放入我的书架
  • 预约/预借图书
  • 作者相关作品
  • 分类相关作品
  • 丛书相关作品
  • 出版社相关作品

书目信息

  • 表格格式
  • 工作单格式
  • 卡片格式
题名:
中华民国史资料丛稿
    
 
作者: ;辽宁省档案馆 编
分册: 第一册   电稿
出版信息: 北京   中华书局  1984
页数: 215页
开本: 25cm
丛书名:
单 册:
中图分类: K258.06
科图分类:
主题词: 中国--近代史--1912~1919
电子资源:
ISBN:
000 00772nam2 2200241 45
001 0184012960
005 20060427085113.78
010    @dCNY1.40
100    @a19950614d1984 em y0chiy0121 ea
101 0  @achi
102    @aCN@b110000
105    @ay z 000yy
200 10 @a中华民国史资料丛稿@Azhong hua min guo shi zi liao cong gao@i电稿@i奉系军阀密电@h第一册@f辽宁省档案馆编@Fliao ning sheng dang an guan bian
210    @a北京@c中华书局@d1984
215    @a215页@d25cm
517 1  @a电稿@Adian gao
517 1  @a奉系军阀密电@Afeng xi jun fa mi dian
606 0  @a中国@x近代史@z1912~1919
690    @aK258.06@v4
711 02 @a辽宁省档案馆@Aliao ning sheng dang an guan@4编
801  0 @aCN@b上海图书馆@c20060427
801  2 @aCN@bNLC@c20060323
905    @dK258.06@e35:1
    
    中华民国史资料丛稿.电稿.奉系军阀密电.第一册/辽宁省档案馆编.-北京:中华书局,1984
    215页;25cm
    
    
    ISBN :CNY1.40
    
●
相关链接 在E读中查询图书 在五车中查询图书 在当当中查询图书 在豆瓣中查询图书


正题名:中华民国史资料丛稿     索取号:K258.06/35:1         预约/预借

序号 登录号 条形码 馆藏地/架位号 状态 备注
1 0158876   001294539   第二样本阅览室/ [索取号:K258.06/35:1] 在馆    
2 0158877   202290555   密集书库/ [索取号:K258.06/35:1] 在馆    
3 0158878   202290546   密集书库/ [索取号:K258.06/35:1] 在馆    
4 0158879   202238961   密集书库/ [索取号:K258.06/35:1] 在馆    
唐山师范学院图书馆 欢迎您!
大连网信软件有限公司© 版权所有